| 000 | 01029nam a2200229Ia 4500 | ||
|---|---|---|---|
| 001 | 19079 | ||
| 005 | 20260408115456.0 | ||
| 008 | 260306s9999||||xx |||||||||||||| ||und|| | ||
| 041 | _aESP | ||
| 082 |
_a658.8 _bK44 2018 |
||
| 100 |
_aKerin, Roger A. _eAUT |
||
| 245 | 0 | _aMarketing | |
| 260 | _c2018 | ||
| 300 |
_axxxiii, 679 páginas : _c27 cm. |
||
| 650 | _aGEN | ||
| 654 | _aCAN | ||
| 856 |
_uhttps://0u213vm8s-y-https-ebooks7--24-com.itmsp.museknowledge.com/?il=31453&pg=s9ml/chapter01/untitled_page.xhtml#data-uuid-79ab62fde7f34408bf09fd845a0fad39 _zVersión digital (2023) |
||
| 856 |
_uhttps://0u213vm8z-y-https-ebooks7--24-com.itmsp.museknowledge.com/biblioteca.aspx _zVéase además: Base de datos Ebook7-24 |
||
| 856 |
_uhttps://0u20fvm92-y-https-research-ebsco-com.itmsp.museknowledge.com/c/qxo6us/search _zVéase además: Base de datos EBSCOhost |
||
| 856 |
_uhttps://0u20yvm94-y-https-www-bibliotechnia-com-mx.itmsp.museknowledge.com/ _zVéase además: Base de datos BiblioTechnia |
||
| 942 |
_cLIB _dJUS _fJUS _2ddc |
||
| 999 |
_c19079 _d19079 |
||